000 00428nam a2200181Ia 4500
001 2847
005 20260306144837.0
008 260306t2014||||xx |||||||||||||| ||spa||
041 _aESP
082 _a230.2
_bT69 2014 T. 8
100 _aTomás de Aquino, Santo
_eAUT
245 0 _aSuma teológica VIII
260 _c2014
300 _a779 páginas :
_c20 cm.
650 _aGEN
654 _aCHU
942 _cLIB
_dJUS
_fJUS
_2ddc
_n
999 _c2847
_d2847